header

The Irish in the South, 1815-1877 (Record no. 9783)

MARC details
000 -LEADER
fixed length control field 01731nam a2200397Ia 4500
001 - CONTROL NUMBER
control field ebr10022603
003 - CONTROL NUMBER IDENTIFIER
control field CaPaEBR
006 - FIXED-LENGTH DATA ELEMENTS--ADDITIONAL MATERIAL CHARACTERISTICS--GENERAL INFORMATION
fixed length control field m u
007 - PHYSICAL DESCRIPTION FIXED FIELD--GENERAL INFORMATION
fixed length control field cr cn|||||||||
008 - FIXED-LENGTH DATA ELEMENTS--GENERAL INFORMATION
fixed length control field 010323s2001 ncua sb s001 0 eng d
010 ## - LIBRARY OF CONGRESS CONTROL NUMBER
Canceled/invalid LC control number 2001027544
020 ## - INTERNATIONAL STANDARD BOOK NUMBER
Cancelled/invalid ISBN 0807875635
Cancelled/invalid ISBN 0807826391 (cloth : alk. paper)
Cancelled/invalid ISBN 0807849685 (pbk. : alk. paper)
040 ## - CATALOGING SOURCE
Original cataloging agency CaPaEBR
Transcribing agency CaPaEBR
035 ## - SYSTEM CONTROL NUMBER
System control number (OCoLC)51579540
050 14 - LIBRARY OF CONGRESS CALL NUMBER
Classification number F220.I6
Item number G58 2001eb
082 04 - DEWEY DECIMAL CLASSIFICATION NUMBER
Classification number 975/.0049162
Edition number 21
100 1# - MAIN ENTRY--PERSONAL NAME
Personal name Gleeson, David T.
245 14 - TITLE STATEMENT
Title The Irish in the South, 1815-1877
Medium [electronic resource] /
Statement of responsibility, etc David T. Gleeson.
260 ## - PUBLICATION, DISTRIBUTION, ETC. (IMPRINT)
Place of publication, distribution, etc Chapel Hill :
Name of publisher, distributor, etc University of North Carolina Press,
Date of publication, distribution, etc c2001.
300 ## - PHYSICAL DESCRIPTION
Extent xii, 278 p. :
Other physical details ill.
504 ## - BIBLIOGRAPHY, ETC. NOTE
Bibliography, etc Includes bibliographical references (p. [239]-268)and index.
533 ## - REPRODUCTION NOTE
Type of reproduction Electronic reproduction.
Place of reproduction Palo Alto, Calif. :
Agency responsible for reproduction ebrary,
Date of reproduction 2005.
Note about reproduction Available via World Wide Web.
-- Access may be limited to ebrary affiliated libraries.
650 #0 - SUBJECT ADDED ENTRY--TOPICAL TERM
Topical term or geographic name as entry element Irish Americans
Geographic subdivision Southern States
General subdivision History
Chronological subdivision 19th century.
Topical term or geographic name as entry element Irish Americans
Geographic subdivision Southern States
General subdivision Social conditions
Chronological subdivision 19th century.
Topical term or geographic name as entry element Irish Americans
Geographic subdivision Southern States
General subdivision Ethnic identity.
Topical term or geographic name as entry element Immigrants
Geographic subdivision Southern States
General subdivision History
Chronological subdivision 19th century.
Topical term or geographic name as entry element Immigrants
Geographic subdivision Southern States
General subdivision Social conditions
Chronological subdivision 19th century.
Topical term or geographic name as entry element Whites
Geographic subdivision Southern States
General subdivision History
Chronological subdivision 20th century.
651 #0 - SUBJECT ADDED ENTRY--GEOGRAPHIC NAME
Geographic name Southern States
General subdivision Ethnic relations.
Geographic name Southern States
General subdivision Social conditions
Chronological subdivision 19th century.
655 #7 - INDEX TERM--GENRE/FORM
Genre/form data or focus term Electronic books.
Source of term local
710 2# - ADDED ENTRY--CORPORATE NAME
Corporate name or jurisdiction name as entry element ebrary, Inc.
856 40 - ELECTRONIC LOCATION AND ACCESS
Uniform Resource Identifier <a href="http://site.ebrary.com/lib/rucke/Doc?id=10022603">http://site.ebrary.com/lib/rucke/Doc?id=10022603</a>
Public note An electronic book accessible through the World Wide Web; click to view

No items available.

© 2026 Rongo University
Contact us: librarian | system librarian | Rongo university